| 000 | 00000nam 2200000zi 4500 |
| 001 | 9.931995 |
| 003 | CaOODSP |
| 005 | 20241120114023 |
| 006 | m o d f |
| 007 | cr |n||||||||| |
| 008 | 231229e19790215qucdab ob f|0| 0 fre d |
| 040 | |aCaOODSP|bfre|erda|cCaOODSP |
| 043 | |an-cn-qu |
| 086 | 1 |aCW66-1483/1979F-PDF |
| 100 | 1 |aMousseau, Pierre, |eauteur. |
| 245 | 10|aÉtude du succès de reproduction de la colonie de Goélands à bec cerclé du Pont Champlain, Montréal : |brapport final / |cprésenté par Pierre Mousseau et Marie-Christine Lagrenade. |
| 264 | 1|a[Sainte-Foy, Québec] : |bService canadien de la faune, |cle 15 février 1979. |
| 300 | |a1 ressource en ligne (ix, 73 pages) : |bcartes, graphiques, illustrations |
| 336 | |atexte|btxt|2rdacontent/fre |
| 337 | |ainformatique|bc|2rdamedia/fre |
| 338 | |aressource en ligne|bcr|2rdacarrier/fre |
| 500 | |aÉdition numérisée de l’imprimé [par Environnement et changement climatique Canada]. |
| 500 | |a« Produit par le Centre de recherches écologiques de Montréal, Université de Montréal. » |
| 504 | |aComprend des références bibliographiques (pages 67-68). |
| 650 | 6|aGoéland à bec cerclé|xReproduction|zQuébec (Province)|zMontréal. |
| 650 | 0|aRing-billed gull|xReproduction|zQuébec (Province)|zMontréal. |
| 710 | 2 |aService canadien de la faune, |eorganisme de publication. |
| 856 | 40|qPDF|s2.70 Mo|uhttps://publications.gc.ca/collections/collection_2024/eccc/cw66/CW66-1483-1979-fra.pdf |